000 00635nam a2200277Ia 4500
005 20260324150952.0
008 008 260324s9999 xx 000 0 eng d
020 _a9780429270550
037 _aEBOOK
040 _aCRL
040 _beng
040 _cCRL
041 _2eng
041 _aeng
084 _qCRL
100 _aRaymond G. Gettell
_91228264
245 0 _aHistory of Political Thought
260 _bTaylor and Francis
260 _c1924
365 _a
365 _b255
856 _uhttp://www.taylorfrancis.com/books/9780429270550
942 _cEBOOK
999 _c1838603
_d1838603